[Event "Caioba Copel op 5th"]
[Site "Caioba"]
[Date "2019.08.16"]
[Round "2"]
[White "Frattini, Beatriz Maria"]
[Black "Britto, Sara Ohana Felix De"]
[Result "1-0"]
[WhiteElo "1825"]
[BlackElo "1490"]
[PlyCount "38"]
[EventDate "2019.08.15"]
[EventType "swiss"]
[EventRounds "6"]
[EventCountry "BRA"]
[SourceTitle "EXT 2020"]
[Source "ChessBase"]
[SourceDate "2019.10.17"]
[SourceVersion "1"]
[SourceVersionDate "2019.10.17"]
[SourceQuality "1"]

1. e4 d5 2. exd5 Qxd5 3. Nc3 Qa5 4. d4 c6 5. Nf3 Nf6 6. Bc4 Bg4 7. Bd2 Qc7 8. Qe2 e6 9. h3 Bh5 10. g4 Bg6 11. Ne5 Bxc2 12. Bf4 Bd6 13. Qxc2 Nd5 14. Bxd5 exd5 15. Nxf7 Bxf4 16. Nxh8 Qe7+ 17. Kf1 Qf6 18. Re1+ Kd8 19. Qf5 Qxd4 1-0